| 000 | 01305cam a2200385 a 4500 | ||
|---|---|---|---|
| 001 | 1498999 | ||
| 003 | EG-ScBUE | ||
| 005 | 20220323105527.0 | ||
| 008 | 880622s1987 enk f b 000 d eng d | ||
| 020 | _a0140445013 | ||
| 020 | _a9780140445015 | ||
| 035 | _a(OCoLC)17191657 | ||
| 040 |
_aAzU _beng _erda _cAzU _dDLC _dEG-ScBUE |
||
| 041 | 1 |
_aeng _hgrc |
|
| 082 | 0 | 4 |
_222 _a882.01 _bMEN |
| 100 | 0 |
_aMenander, _cof Athens, _eauthor. _924742 |
|
| 240 | 1 | 0 |
_aWorks. _lEnglish. _f1987 |
| 245 | 1 | 0 |
_aPlays and fragments / _cMenander ; translated with an introduction by Norma Miller. |
| 264 | 1 |
_aLondon : _bPenguin Books, _c1987. |
|
| 300 |
_a265 pages ; _c20 cm. |
||
| 336 |
_2rdacontent _atext _btxt |
||
| 337 |
_2rdamedia _aunmediated _bn |
||
| 338 |
_2rdacarrier _avolume _bnc |
||
| 490 | 0 | _aPenguin Classics | |
| 504 | _aIncludes bibliographical references. | ||
| 546 | _aText in English ; translated from the original Ancient Greek. | ||
| 600 | 0 | 7 |
_aMenander, _cof Athens _vTranslations into English. _2BUEsh _924743 |
| 650 | _2BUEsh | ||
| 651 | 7 |
_aGreece _vDrama. _924744 _2BUEsh |
|
| 653 |
_cJune2011 _bGGEN |
||
| 655 | 7 |
_aComedies. _2gsafd _vReading book |
|
| 700 | 1 |
_aMiller, N. P. _etranslator. _924746 |
|
| 942 |
_2ddc _cBB |
||
| 999 |
_c15551 _d15551 |
||